00492 2200145 4500001002100000008004100021035002000062245009200082100002000174260002500194300001400219082001000233650009000243990001300333INLIS000000000000514 ind  a0010-0322000514 aDONGENG PENGANTAR TIDUR BAWANG PUTIH & BAWANG MERAH KOLEKSI CERITA ANAK NUSANTARAcIKHA aTIRA IKRANEGARA aSURABAYAbMULIA JAYA ahlm.ccm. a398.2 aFOLK LITERATURE, FAIRY TALES, MYTH, MYTHOLOGY/CERITA RAKYAT, DONGENG, MITOS, MITOLOGI a102721-1